First Generation Pokémon from A to Z (by pictures) - Statistics

General Stats
  • This quiz has been taken 59 times
  • The average score is 19 of 22
Answer Stats
Picture Hint Answer % Correct
A Abra
96%
B Blastoise
93%
C Charizard
93%
E Eevee
93%
I Ivysaur
93%
M Mew
93%
P Pikachu
93%
R Rattata
93%
D Dragonite
89%
O Onix
89%
S Snorlax
89%
H Horsea
86%
J Jigglypuff
86%
N Ninetales
86%
V Voltorb
86%
L Lickitung
82%
Z Zubat
82%
F Farfetch'd
79%
T Tangela
75%
G Graveler
71%
K Kabuto
71%
W Weepinbell
71%
No matching quizzes found
Score Distribution
Percent of People with Each Score
Percentile by Number Answered
Your Score History
You have not taken this quiz